Catalog

Record Details

Catalog Search



Jokes from the Krusty Krab  Cover Image Book Book

Jokes from the Krusty Krab / by David Lewman.

Lewman, David. (Author).

Record details

  • ISBN: 1416906525 (pbk.)
  • ISBN: 9781416906520 (pbk.)
  • Physical Description: 48 pages : illustrations ; 20 cm.
  • Edition: 1st edition
  • Publisher: New York : Simon Spotlight/Nickelodeon, c2005.

Content descriptions

General Note:
"Based on the TV series SpongeBob SquarePants created by Stephen Hillenburg as seen on Nickelodeon"--T.p. verso.
Subject: Riddles, Juvenile.
Wit and humor, Juvenile.

Available copies

  • 0 of 1 copy available at scottsboropl.

Holds

  • 0 current holds with 1 total copy.
Show Only Available Copies
Location Call Number / Copy Notes Barcode Shelving Location Status Due Date
scottsboropl E 818 Lew 32269000792237 Juvenile - Display Checked out 04/22/2026

LDR 01112nam a2200301 a 4500
001129864
003CONS
00520140703073305.0
008070111s2005 nyua j 000 0 eng d
010 . ‡a 2007270161
020 . ‡a1416906525 (pbk.)
020 . ‡a9781416906520 (pbk.)
035 . ‡a(CPomAG)LMN499709
042 . ‡alccopycat
05000. ‡aPN6371.5 ‡b.L4865 2005
1001 . ‡aLewman, David.
24510. ‡aJokes from the Krusty Krab / ‡cby David Lewman.
2461 . ‡iAt head of title: ‡aSpongeBob SquarePants
250 . ‡a1st edition
260 . ‡aNew York : ‡bSimon Spotlight/Nickelodeon, ‡cc2005.
300 . ‡a48 pages : ‡billustrations ; ‡c20 cm.
500 . ‡a"Based on the TV series SpongeBob SquarePants created by Stephen Hillenburg as seen on Nickelodeon"--T.p. verso.
650 0. ‡aRiddles, Juvenile.
650 0. ‡aWit and humor, Juvenile.
7300 . ‡aSpongeBob SquarePants (Television program)
914 . ‡aSCP_ds
959 . ‡i32269000792237 ‡lJ818 Lew ‡aJuvenile - NonFiction ‡tJuv Nonfiction ‡g15.00
852 . ‡p32269000792237 ‡jJ818 Lew ‡gJuvenile - NonFiction ‡cJuv Nonfiction ‡y15.00 ‡bSBPL
901 . ‡a129864 ‡bUnknown ‡c129864 ‡tbiblio

Additional Resources